| 000 | 00725nam a2200217 a 4500 | ||
|---|---|---|---|
| 001 | 19838 | ||
| 003 | CO-ViMGA | ||
| 008 | 141112s2004 ck r 000 u spa d | ||
| 020 | _a9681861744 | ||
| 040 |
_aCO-ViMGA _bspa _cCO-ViMGA |
||
| 082 | 0 | 4 | _a338.1 C657e |
| 100 | 1 |
_aConsejo de normalización y certificacion de competencia laboral, _928761 |
|
| 245 | 1 | 0 | _aEstudio económico y laboral sobre agricultura, ganadería, silvicultura y pesca |
| 260 |
_aMexico : _bConocer, _cLimusa, _c2001 |
||
| 300 | _a138 p. | ||
| 590 | _aForma de adquisición : PremioMincultura | ||
| 650 | 1 | 4 |
_aAGRICULTURA - ASPECTOS ECONOMICOS _97263 |
| 650 | 1 | 4 |
_aPESCA - MEXICO _928762 |
| 650 | 1 | 4 |
_aSILVICULTURA - MEXICO _928763 |
| 942 |
_2ddc _cBK |
||
| 999 |
_c28965 _d28965 |
||